| 000 | 02234cam a22005054i 4500 | ||
|---|---|---|---|
| 003 | PE-LiUPU | ||
| 005 | 20250731165601.0 | ||
| 008 | 150625s2004 pe a r 000 0 spa d | ||
| 020 | _a9972752135 | ||
| 020 | _a9789972752131 | ||
| 035 | _a(Sirsi) i9789972752131 | ||
| 040 |
_aPE-LiUPU _bspa _cPE-LiUPU _erda |
||
| 049 | _aPRUA | ||
| 082 | 0 | 4 |
_a070.485 _bM42 _221 |
| 100 | 1 |
_aMendoza Michilot, María, _eautor. |
|
| 245 | 1 | 0 |
_aOpinión pública / _cMaría Mendoza Michilot. |
| 264 | 1 |
_aLima : _bEmpresa Editora El Comercio, _c2004. |
|
| 300 |
_a190 páginas : _bilustraciones ; _c28 centímetros |
||
| 336 |
_atext _2rdacontent |
||
| 337 |
_aunmediated _2rdamedia |
||
| 338 |
_avolume _2rdacarrier |
||
| 490 | 0 |
_aEnciclopedia temática del Perú ; _v13 |
|
| 505 | 0 | _aLos inicios de la opinión pública -- El protoperiodismo -- Primeros periódicos -- El periodismo doctrinal -- El periodismo después de la independencia "El Comercio": Frontera periodística -- La prensa en los años de la guerra -- El periodismo después de la guerra civil con Chile. -El periodismo en provincias -- El periodismo en el siglo XX -- La radio desde OAX hasta la edad de oro -- La radio desde la llegada de la TV hasta hoy -- El cine en el Perú -- Los inicios de la TV en el Perú -- La televisión peruana de 1980 al 2000 -- Periodismo en Internet. | |
| 526 | _aSEG44 | ||
| 526 | _aSEG26 | ||
| 526 | _aP151 | ||
| 526 | _aP150 | ||
| 526 | _aP149 | ||
| 526 | _aP146 | ||
| 526 | _aP145 | ||
| 526 | _aP126 | ||
| 526 | _aP125 | ||
| 526 | _aP92 | ||
| 526 | _aP75 | ||
| 526 | _aP74 | ||
| 526 | _aP27 | ||
| 526 | _aP15 | ||
| 650 | 0 | 4 |
_aPeriodismo _xHistoria _zPerú. |
| 942 |
_2ddc _cBOOK |
||
| 949 |
_a070.485 M42 _wDEWEY _c1 _i56909 _lCCODEBUL1 _mBUL _p4.00 _r0 _sY _tBOOK _u2015-6-25 _xEDUCACION _zUNKNOWN _0COMPRA _o.STAFF. Colección Ciencias Humanas y Educación |
||
| 994 |
_aC0 _bPEPRU |
||
| 596 | _a1 | ||
| 999 |
_a070.485 M42 _wDEWEY _c46041 _i56909 _e2017-3-10 _f2021-11-8 _g6 _lCCODEBUL1 _mBUL _n2 _p4.00 _r0 _sY _tBOOK _u2015-6-25 _xEDUCACION _zUNKNOWN _0COMPRA _o.STAFF. Colección Ciencias Humanas y Educación _d46041 |
||
| 980 |
_81 _gALBERTO SANCHEZ Responsable de Automatización |
||